[Event "Madrid ch 2021-2022 - Previa A"]
[Site "Madrid ESP"]
[Date "2022.03.14"]
[Round "4.4"]
[White "Carrera Cabaneros, Francisco"]
[Black "Garcia Gonzalez, Pedro A."]
[Result "1/2-1/2"]
[WhiteElo "1805"]
[BlackElo "1710"]
[PlyCount "74"]
[EventDate "2022.03.07"]
[EventType "swiss"]
[EventRounds "9"]
[EventCountry "ESP"]
[SourceTitle "Ajedrez en Madrid"]
[Source "lmi"]
[SourceDate "2022.03.07"]
[SourceVersion "1"]
[SourceVersionDate "2022.04.04"]
[SourceQuality "1"]

1. d4 d5 2. c4 e6 3. Nf3 Nf6 4. Bg5 Be7 5. e3 O-O 6. Nc3 b6 7. Bd3 Bb7 8. O-O
Nbd7 9. Rc1 c5 10. b3 Ne4 11. Bxe7 Qxe7 12. cxd5 exd5 13. Bb1 Ndf6 14. Qd3 Rfd8
15. Rfd1 Rac8 16. Ne5 g6 17. f3 Nxc3 18. Rxc3 cxd4 19. exd4 Rxc3 20. Qxc3 Rc8
21. Qd2 Qc7 22. Qf4 Kg7 23. g4 Qe7 24. h4 Nd7 25. Nxd7 Qxd7 26. h5 Qc7 27. h6+
Kf8 28. Qxc7 Rxc7 29. g5 Rc3 30. Kf2 a5 31. f4 Bc8 32. Bd3 Be6 33. Ke1 Bg4 34.
Rd2 Rc1+ 35. Kf2 Rc3 36. Ke3 Bf5 37. Ke2 Bg4+ 1/2-1/2

[Event "Madrid ch 2021-2022 - Previa A"]
[Site "Madrid ESP"]
[Date "2022.03.14"]
[Round "4.5"]
[White "Rodriguez Garcia, Jose Maria"]
[Black "Sanchez Liso, Juan A"]
[Result "1-0"]
[WhiteElo "1963"]
[BlackElo "1418"]
[PlyCount "101"]
[EventDate "2022.03.07"]
[EventType "swiss"]
[EventRounds "9"]
[EventCountry "ESP"]
[SourceTitle "Ajedrez en Madrid"]
[Source "lmi"]
[SourceDate "2022.03.07"]
[SourceVersion "1"]
[SourceVersionDate "2022.04.04"]
[SourceQuality "1"]

1. d4 Nf6 2. Nf3 g6 3. Bg5 Bg7 4. Nbd2 O-O 5. c3 d6 6. e4 h6 7. Bh4 g5 8. Bg3
c5 9. dxc5 dxc5 10. Bc4 Nc6 11. Ne5 Nxe5 12. Bxe5 Bg4 13. f3 Bh5 14. g4 Bg6 15.
h4 Ne8 16. Bxg7 Kxg7 17. hxg5 hxg5 18. Qe2 Nd6 19. O-O-O Nxc4 20. Nxc4 Qc7 21.
Qh2 Qxh2 22. Rxh2 Rfd8 23. Rhd2 Rxd2 24. Rxd2 b5 25. Ne3 e6 26. Rd7 Kf6 27. Kd2
a6 28. Ke2 a5 29. c4 bxc4 30. Nxc4 Rb8 31. Rc7 Rb5 32. a4 Rb4 33. Rxc5 Rxa4 34.
Nxa5 Ra2 35. Nc4 Ra8 36. b4 Ra2+ 37. Ke3 Ke7 38. b5 f6 39. b6 Ra8 40. b7 Rb8
41. Na5 Kd7 42. Kd4 e5+ 43. Kc4 Bf7+ 44. Kb5 Be6 45. Kb6 Kd6 46. Rc6+ Kd7 47.
Rxe6 Rxb7+ 48. Nxb7 Kxe6 49. Kc6 f5 50. exf5+ Kf6 51. Kd6 1-0

[Event "Madrid ch 2021-2022 - Previa A"]
[Site "Madrid ESP"]
[Date "2022.03.14"]
[Round "4.6"]
[White "De Dompablo Fantova, Juan"]
[Black "Gueler Berdasco, Martin"]
[Result "1-0"]
[WhiteElo "1670"]
[BlackElo "1957"]
[PlyCount "71"]
[EventDate "2022.03.07"]
[EventType "swiss"]
[EventRounds "9"]
[EventCountry "ESP"]
[SourceTitle "Ajedrez en Madrid"]
[Source "lmi"]
[SourceDate "2022.03.07"]
[SourceVersion "1"]
[SourceVersionDate "2022.04.04"]
[SourceQuality "1"]

1. e4 c5 2. Nc3 Nc6 3. f4 a6 4. Nf3 b5 5. d3 e6 6. Be2 Nf6 7. O-O d5 8. e5 d4
9. Nb1 Nd5 10. Qe1 Be7 11. Qg3 g6 12. a3 Bb7 13. Rd1 Qb6 14. Kh1 b4 15. Ng5 h6
16. Ne4 g5 17. Rf1 gxf4 18. Bxf4 O-O-O 19. Nbd2 Na5 20. axb4 Qxb4 21. c3 Qb6
22. cxd4 Rdg8 23. Qh3 Nxf4 24. Rxf4 Bxe4 25. Nxe4 Qxb2 26. Rxa5 Qxe2 27. Ra1
Kd7 28. Rf2 Qg4 29. Qxg4 Rxg4 30. Rxa6 Rb8 31. h3 Rg7 32. Ra7+ Kd8 33. dxc5
Rb1+ 34. Kh2 Rc1 35. Rb2 Ke8 36. Rb8+ 1-0

[Event "Madrid ch 2021-2022 - Previa A"]
[Site "Madrid ESP"]
[Date "2022.03.14"]
[Round "4.7"]
[White "Cujba, Anca-Claudia"]
[Black "Marcos Herrero, Francisco"]
[Result "0-1"]
[WhiteElo "1657"]
[BlackElo "1897"]
[PlyCount "122"]
[EventDate "2022.03.07"]
[EventType "swiss"]
[EventRounds "9"]
[EventCountry "ESP"]
[SourceTitle "Ajedrez en Madrid"]
[Source "lmi"]
[SourceDate "2022.03.07"]
[SourceVersion "1"]
[SourceVersionDate "2022.04.04"]
[SourceQuality "1"]

1. d4 Nf6 2. Bf4 c5 3. d5 d6 4. Nc3 g6 5. e4 Bg7 6. Nf3 O-O 7. Bc4 Nh5 8. Bg5
h6 9. Bd2 Nd7 10. a4 Ne5 11. Be2 Nf6 12. Nxe5 dxe5 13. Be3 b6 14. f3 e6 15.
dxe6 Bxe6 16. O-O Qe7 17. Qe1 Rfd8 18. Qh4 Nd5 19. Qxe7 Nxe7 20. Nb5 Rd7 21. a5
Rad8 22. axb6 axb6 23. Ra6 Nc8 24. c4 Bf8 25. Nc3 Rb7 26. Nd5 Kg7 27. Ra8 Be7
28. Rd1 Nd6 29. Rxd8 Bxd8 30. Bf2 f5 31. h3 fxe4 32. fxe4 Nxe4 33. Bf3 Nxf2 34.
Kxf2 Rf7 35. Ke2 Rd7 36. g4 Rd6 37. Kd3 b5 38. b3 Bh4 39. Ra1 b4 40. Ra7+ Bf7
41. Ke4 Bg3 42. Rc7 Bf2 43. Bg2 Bd4 44. h4 Ra6 45. h5 Kf8 46. Rc8+ Kg7 47. Rc7
Ra8 48. Nb6 Rd8 49. Na4 gxh5 50. gxh5 Kf6 51. Bf3 Rd6 52. Nxc5 Be8 53. Nb7 Rc6
54. Rxc6+ Bxc6+ 55. Kd3 Bxf3 56. Nd6 Bd1 57. Ne4+ Ke6 58. c5 Bxb3 59. c6 Ba2
60. Nd2 Kd6 61. Kc2 Kxc6 0-1

[Event "Madrid ch 2021-2022 - Previa A"]
[Site "Madrid ESP"]
[Date "2022.03.14"]
[Round "4.8"]
[White "Esteban Amo, Jose M."]
[Black "Guardiola Sevilla, Antonio"]
[Result "1/2-1/2"]
[WhiteElo "1874"]
[BlackElo "1733"]
[PlyCount "69"]
[EventDate "2022.03.07"]
[EventType "swiss"]
[EventRounds "9"]
[EventCountry "ESP"]
[SourceTitle "Ajedrez en Madrid"]
[Source "lmi"]
[SourceDate "2022.03.07"]
[SourceVersion "1"]
[SourceVersionDate "2022.04.04"]
[SourceQuality "1"]

1. d4 Nf6 2. Nf3 d5 3. e3 Bf5 4. c4 c6 5. Qb3 Qb6 6. c5 Qxb3 7. axb3 Nbd7 8.
Nc3 e5 9. b4 exd4 10. exd4 Be7 11. Be2 O-O 12. O-O b5 13. Bf4 Nh5 14. Bd2 Rfc8
15. Rfe1 Kf8 16. h3 Nhf6 17. Bf4 h6 18. Bh2 Be6 19. Bd3 Bd8 20. Bd6+ Be7 21.
Bh2 Bd8 22. Ne5 Nxe5 23. dxe5 Ne8 24. f4 g6 25. g4 Ng7 26. Kg2 a5 27. Ne2 axb4
28. Nd4 Be7 29. Rxa8 Rxa8 30. Nxc6 Bxc5 31. Bxb5 Ra2 32. Re2 d4 33. Rd2 Bd5+
34. Kg3 Ne6 35. Bg1 1/2-1/2

[Event "Madrid ch 2021-2022 - Previa A"]
[Site "Madrid ESP"]
[Date "2022.03.14"]
[Round "4.9"]
[White "Bengoa Moreno, Oscar"]
[Black "Camarero Izquierdo, Juan Carlos"]
[Result "0-1"]
[WhiteElo "1629"]
[BlackElo "1861"]
[PlyCount "52"]
[EventDate "2022.03.07"]
[EventType "swiss"]
[EventRounds "9"]
[EventCountry "ESP"]
[SourceTitle "Ajedrez en Madrid"]
[Source "lmi"]
[SourceDate "2022.03.07"]
[SourceVersion "1"]
[SourceVersionDate "2022.04.04"]
[SourceQuality "1"]

1. c4 e6 2. d3 c6 3. Nf3 d5 4. cxd5 exd5 5. g3 Nf6 6. Bg2 Bd6 7. O-O O-O 8. Nc3
Bg4 9. h3 Bxf3 10. Bxf3 Nbd7 11. Bg2 Qb6 12. d4 Rae8 13. e3 Re6 14. a3 Rfe8 15.
b4 Nf8 16. Na4 Qc7 17. Nc5 Bxc5 18. dxc5 Ne4 19. Bxe4 Rxe4 20. Bb2 R8e6 21. Qf3
Rh6 22. Kg2 Ne6 23. Rh1 Qd7 24. h4 Rg6 25. Rad1 Rgg4 26. Qe2 Nf4+ 0-1

[Event "Madrid ch 2021-2022 - Previa A"]
[Site "Madrid ESP"]
[Date "2022.03.14"]
[Round "4.10"]
[White "Balsera Gomez, Antonio"]
[Black "Barahona Torrijos, Angel"]
[Result "1-0"]
[WhiteElo "1414"]
[BlackElo "1822"]
[PlyCount "61"]
[EventDate "2022.03.07"]
[EventType "swiss"]
[EventRounds "9"]
[EventCountry "ESP"]
[SourceTitle "Ajedrez en Madrid"]
[Source "lmi"]
[SourceDate "2022.03.07"]
[SourceVersion "1"]
[SourceVersionDate "2022.04.04"]
[SourceQuality "1"]

1. e4 e5 2. Nf3 Nc6 3. Nc3 g6 4. d4 exd4 5. Nxd4 Bg7 6. Be3 Nge7 7. Bc4 d6 8.
O-O Ne5 9. Be2 h5 10. h3 d5 11. f4 c5 12. fxe5 cxd4 13. Bxd4 Be6 14. Bb5+ Nc6
15. exd5 Bxd5 16. e6 f6 17. Nxd5 Qxd5 18. Bxf6 Qc5+ 19. Kh1 O-O 20. Bxg7 Kxg7
21. Qd7+ Kh6 22. Bxc6 bxc6 23. Rxf8 Qxf8 24. Qxc6 Re8 25. Re1 Re7 26. Qf3 Qb8
27. Qe3+ g5 28. h4 Qf4 29. hxg5+ Qxg5 30. Qxg5+ Kxg5 31. Kh2 1-0

[Event "Madrid ch 2021-2022 - Previa A"]
[Site "Madrid ESP"]
[Date "2022.03.14"]
[Round "4.13"]
[White "Sotoca Aguado, Jose"]
[Black "Aquilino Rodriguez, Virgilio"]
[Result "1-0"]
[WhiteElo "1819"]
[BlackElo "1541"]
[PlyCount "87"]
[EventDate "2022.03.07"]
[EventType "swiss"]
[EventRounds "9"]
[EventCountry "ESP"]
[SourceTitle "Ajedrez en Madrid"]
[Source "lmi"]
[SourceDate "2022.03.07"]
[SourceVersion "1"]
[SourceVersionDate "2022.04.04"]
[SourceQuality "1"]

1. d4 d5 2. Nf3 h6 3. Bf4 Nf6 4. e3 Bf5 5. Bd3 Bxd3 6. Qxd3 e6 7. O-O Nbd7 8.
Nc3 a6 9. e4 dxe4 10. Nxe4 Be7 11. c4 O-O 12. Rad1 c6 13. h3 Nxe4 14. Qxe4 Nf6
15. Qc2 Bd6 16. Ne5 Be7 17. Be3 Nd7 18. Ng4 Bg5 19. f4 Be7 20. Qd2 f5 21. Ne5
Nxe5 22. fxe5 Bg5 23. Bxg5 Qxg5 24. Qxg5 hxg5 25. d5 cxd5 26. cxd5 exd5 27.
Rxd5 Rae8 28. Re1 Re6 29. Rc1 Rfe8 30. Rc7 R8e7 31. Rxe7 Rxe7 32. Kf2 Kf7 33.
Ke3 Ke6 34. Kd4 f4 35. Ke4 g6 36. Rd6+ Kf7 37. Kd5 Kg7 38. b4 Kf7 39. a4 Kg7
40. b5 a5 41. b6 Kf7 42. Rd8 Re8 43. Rxe8 Kxe8 44. Ke6 1-0

[Event "Madrid ch 2021-2022 - Previa A"]
[Site "Madrid ESP"]
[Date "2022.03.14"]
[Round "4.15"]
[White "Maseda Iglesias, Luis"]
[Black "Del Olmo Linares, Marco"]
[Result "1/2-1/2"]
[WhiteElo "1735"]
[BlackElo "1477"]
[PlyCount "104"]
[EventDate "2022.03.07"]
[EventType "swiss"]
[EventRounds "9"]
[EventCountry "ESP"]
[SourceTitle "Ajedrez en Madrid"]
[Source "lmi"]
[SourceDate "2022.03.07"]
[SourceVersion "1"]
[SourceVersionDate "2022.04.04"]
[SourceQuality "1"]

1. d4 Nf6 2. Nf3 g6 3. c4 Bg7 4. Nc3 d5 5. cxd5 Nxd5 6. e4 Nxc3 7. bxc3 O-O 8.
Rb1 c5 9. Be2 Nc6 10. O-O cxd4 11. cxd4 Nxd4 12. Nxd4 Qxd4 13. Qxd4 Bxd4 14.
Rd1 Bc5 15. Bh6 Re8 16. Bb5 Bg4 17. Bxe8 Bxd1 18. Bxf7+ Kxf7 19. Rxd1 Ke6 20.
Kf1 Bb4 21. Be3 a5 22. Ke2 b5 23. Rd5 Rc8 24. Kd1 Rc4 25. Rxb5 Rxe4 26. a3 Bxa3
27. Rxa5 Bd6 28. h3 Rc4 29. Ke2 Rc2+ 30. Kd3 Rb2 31. Ke4 Rb4+ 32. Kf3 Kf7 33.
g4 Rb1 34. Kg2 Rb4 35. Bc5 Rb7 36. Ra7 Rxa7 37. Bxa7 h5 38. Kf3 Kf6 39. Be3 Bc7
40. Ke4 Be5 41. f4 Bc3 42. Bd4+ Bxd4 43. Kxd4 hxg4 44. hxg4 Ke6 45. Ke4 Kd6 46.
f5 gxf5+ 47. Kxf5 e5 48. g5 e4 49. Kxe4 Ke6 50. Kf4 Kf7 51. Kf5 Kg7 52. g6 Kg8
1/2-1/2

[Event "Madrid ch 2021-2022 - Previa A"]
[Site "Madrid ESP"]
[Date "2022.03.14"]
[Round "4.17"]
[White "Lopez Heras, Arturo"]
[Black "Diaz Del Prado, Carlos"]
[Result "1-0"]
[WhiteElo "1757"]
[BlackElo "1375"]
[PlyCount "73"]
[EventDate "2022.03.07"]
[EventType "swiss"]
[EventRounds "9"]
[EventCountry "ESP"]
[SourceTitle "Ajedrez en Madrid"]
[Source "lmi"]
[SourceDate "2022.03.07"]
[SourceVersion "1"]
[SourceVersionDate "2022.04.04"]
[SourceQuality "1"]

1. e4 e5 2. Nf3 Nf6 3. d4 Nxe4 4. Bd3 d5 5. Nxe5 Nd7 6. Nxd7 Bxd7 7. O-O Be7 8.
c4 c6 9. Nc3 Nxc3 10. bxc3 Be6 11. cxd5 Qxd5 12. Be3 O-O 13. Qc2 g6 14. Rfe1
Rfe8 15. Bf4 Bf6 16. Be5 Bg7 17. Bxg7 Kxg7 18. Re5 Qd8 19. Rae1 Qf6 20. R1e3
Bd7 21. Rf3 Qd6 22. Qb3 Re7 23. Rxe7 Qxe7 24. Re3 Be6 25. c4 Qd6 26. Qxb7 Rb8
27. Qxa7 Rb2 28. g3 Rb4 29. a3 Rb8 30. c5 Qd8 31. Rxe6 Rb3 32. Re3 Qxd4 33. Qa6
Qa1+ 34. Kg2 Qd4 35. Qc4 Qb2 36. Rf3 Rb7 37. Be4 1-0

[Event "Madrid ch 2021-2022 - Previa A"]
[Site "Madrid ESP"]
[Date "2022.03.14"]
[Round "4.18"]
[White "Moya Barba, Diego"]
[Black "Amado Velazquez, Pedro"]
[Result "0-1"]
[WhiteElo "1482"]
[BlackElo "1755"]
[PlyCount "36"]
[EventDate "2022.03.07"]
[EventType "swiss"]
[EventRounds "9"]
[EventCountry "ESP"]
[SourceTitle "Ajedrez en Madrid"]
[Source "lmi"]
[SourceDate "2022.03.07"]
[SourceVersion "1"]
[SourceVersionDate "2022.04.04"]
[SourceQuality "1"]

1. d4 g6 2. e4 Bg7 3. c4 d6 4. Be3 c5 5. Nc3 Qa5 6. dxc5 dxc5 7. Nge2 Nc6 8.
Qd2 Nf6 9. Nb5 Qxd2+ 10. Bxd2 O-O 11. Nec3 a6 12. Nc7 Rb8 13. N7d5 e6 14. Bf4
exd5 15. exd5 Re8+ 16. Kd2 Ne5 17. Re1 Nh5 18. Bg5 h6 0-1

[Event "Madrid ch 2021-2022 - Previa A"]
[Site "Madrid ESP"]
[Date "2022.03.14"]
[Round "4.19"]
[White "Blazquez Sanz, Oscar"]
[Black "Martin-Buitrago Lopez, Antonio"]
[Result "1/2-1/2"]
[WhiteElo "1464"]
[BlackElo "1669"]
[PlyCount "113"]
[EventDate "2022.03.07"]
[EventType "swiss"]
[EventRounds "9"]
[EventCountry "ESP"]
[SourceTitle "Ajedrez en Madrid"]
[Source "lmi"]
[SourceDate "2022.03.07"]
[SourceVersion "1"]
[SourceVersionDate "2022.04.04"]
[SourceQuality "1"]

1. e4 e6 2. d4 d5 3. e5 c5 4. c3 Qb6 5. Nf3 Nc6 6. Bd3 cxd4 7. cxd4 Bd7 8. Bc2
Nb4 9. Bb3 Bb5 10. Ba4 Bxa4 11. Qxa4+ Qc6 12. Qxc6+ bxc6 13. Na3 c5 14. Ke2 Nc6
15. Nc2 cxd4 16. Ncxd4 Nge7 17. Bd2 Kd7 18. Rac1 Rc8 19. h4 f6 20. Nxc6 Nxc6
21. Bf4 h5 22. a3 Be7 23. Rc3 Na5 24. Rhc1 Rxc3 25. Rxc3 Rc8 26. Rxc8 Kxc8 27.
Nd4 Kd7 28. b4 Nc4 29. exf6 Bxf6 30. Nc2 Bxh4 31. Be3 Nxe3 32. Kxe3 Bf6 33. f4
g6 34. g3 Kc6 35. a4 a6 36. Ne1 g5 37. Nf3 gxf4+ 38. gxf4 Bc3 39. b5+ axb5 40.
axb5+ Kxb5 41. Ng5 e5 42. fxe5 Bxe5 43. Nf7 Bf6 44. Nd6+ Kc5 45. Ne4+ Kc4 46.
Nxf6 d4+ 47. Kd2 h4 48. Ng4 h3 49. Nh2 Kd5 50. Kd3 Ke5 51. Nf1 Kf4 52. Kxd4 Kf3
53. Nh2+ Kg3 54. Ke3 Kxh2 55. Kf2 Kh1 56. Kf1 h2 57. Kf2 1/2-1/2

[Event "Madrid ch 2021-2022 - Previa A"]
[Site "Madrid ESP"]
[Date "2022.03.14"]
[Round "4.20"]
[White "De Fuenmayor Fernandez de la , Carlos Pablo"]
[Black "Ortega Molina, Tomas"]
[Result "1-0"]
[WhiteElo "1432"]
[BlackElo "1627"]
[PlyCount "79"]
[EventDate "2022.03.07"]
[EventType "swiss"]
[EventRounds "9"]
[EventCountry "ESP"]
[SourceTitle "Ajedrez en Madrid"]
[Source "lmi"]
[SourceDate "2022.03.07"]
[SourceVersion "1"]
[SourceVersionDate "2022.04.04"]
[SourceQuality "1"]

1. e4 c5 2. c3 g6 3. d4 cxd4 4. cxd4 Bg7 5. Nf3 d6 6. Nc3 a6 7. Bc4 e6 8. Bg5
Ne7 9. Qd2 h6 10. Bh4 b5 11. Bb3 Bb7 12. a3 Nd7 13. O-O g5 14. Bg3 Nf6 15. Qd3
Ng6 16. e5 dxe5 17. Nxe5 Nxe5 18. Bxe5 Nh5 19. Bxg7 Nxg7 20. Rfe1 O-O 21. Bc2
f5 22. Bb3 Bd5 23. Nxd5 exd5 24. Re5 Ra7 25. Rxd5 Qxd5 26. Bxd5+ Kh8 27. Rd1
Rd7 28. Bb3 Rfd8 29. d5 f4 30. Bc2 Nh5 31. Qd4+ Ng7 32. h3 Kg8 33. d6 Kf8 34.
Qf6+ Kg8 35. Bb3+ Kh7 36. Bc2+ Kg8 37. Qxh6 Rc8 38. Qh7+ Kf7 39. Bb3+ Kf6 40.
Qh6+ 1-0

[Event "Madrid ch 2021-2022 - Previa A"]
[Site "Madrid ESP"]
[Date "2022.03.14"]
[Round "4.21"]
[White "Fuentenebro Cediel, Alberto"]
[Black "Sanchez Arriola, Ignacio"]
[Result "0-1"]
[WhiteElo "1328"]
[BlackElo "1596"]
[PlyCount "106"]
[EventDate "2022.03.07"]
[EventType "swiss"]
[EventRounds "9"]
[EventCountry "ESP"]
[SourceTitle "Ajedrez en Madrid"]
[Source "lmi"]
[SourceDate "2022.03.07"]
[SourceVersion "1"]
[SourceVersionDate "2022.04.04"]
[SourceQuality "1"]

1. e4 c6 2. d4 d5 3. Nc3 dxe4 4. Nxe4 Bf5 5. Ng3 Bg6 6. Nf3 Nd7 7. Bc4 e6 8.
O-O Bd6 9. Re1 Ngf6 10. Bxe6 fxe6 11. Rxe6+ Be7 12. Qe2 Nf8 13. Re5 Ng4 14. Rg5
Nf6 15. Bf4 h6 16. Re5 Ng4 17. Re6 Nxe6 18. Qxe6 Nf6 19. Re1 Qd7 20. Qxd7+ Nxd7
21. Bd6 O-O 22. Rxe7 Rf7 23. Re2 Rd8 24. Ne5 Nxe5 25. Bxe5 Rfd7 26. f4 b6 27.
c3 c5 28. Kf2 cxd4 29. cxd4 Rc8 30. f5 Rf7 31. Ke3 Bxf5 32. Nxf5 Rxf5 33. Ke4
Rcf8 34. d5 Rf2 35. Rxf2 Rxf2 36. d6 Rd2 37. Bf4 Rd1 38. Ke5 Kf7 39. Bg3 Ke8
40. Ke6 Rd2 41. Be5 Rxg2 42. a4 Re2 43. b4 a6 44. d7+ Kd8 45. Kd6 Rd2+ 46. Kc6
Rxd7 47. Kxb6 Re7 48. Bc3 Re6+ 49. Ka5 g5 50. b5 axb5 51. axb5 Kc8 52. Bd4 Kb7
53. Kb4 g4 0-1

[Event "Madrid ch 2021-2022 - Previa A"]
[Site "Madrid ESP"]
[Date "2022.03.14"]
[Round "4.22"]
[White "Villodre Miranda, Juan Alonso"]
[Black "Rubio Rivera, Felix"]
[Result "1-0"]
[WhiteElo "1563"]
[BlackElo "1460"]
[PlyCount "157"]
[EventDate "2022.03.07"]
[EventType "swiss"]
[EventRounds "9"]
[EventCountry "ESP"]
[SourceTitle "Ajedrez en Madrid"]
[Source "lmi"]
[SourceDate "2022.03.07"]
[SourceVersion "1"]
[SourceVersionDate "2022.04.04"]
[SourceQuality "1"]

1. c4 e5 2. e4 Nc6 3. g3 Bc5 4. Bg2 d6 5. Nc3 f5 6. d3 Nf6 7. h3 O-O 8. Na4
Bb4+ 9. Bd2 fxe4 10. Bxb4 Nxb4 11. dxe4 Bd7 12. Nc3 Be6 13. a3 Nc6 14. Nd5 Nd4
15. Ne2 Nxe2 16. Qxe2 Nxd5 17. cxd5 Bd7 18. O-O Qf6 19. Rac1 Rac8 20. f4 exf4
21. Rxf4 Qh6 22. Qe3 Rxf4 23. Qxf4 Qf6 24. Qxf6 gxf6 25. Kf2 c5 26. dxc6 Rxc6
27. Rxc6 Bxc6 28. Ke3 Kf7 29. Kf4 Kg6 30. Bf1 d5 31. exd5 Bxd5 32. Bd3+ Kg7 33.
Bf5 b6 34. Bd7 Bb3 35. Kf5 Kf7 36. Ke4 Ke7 37. Bf5 h6 38. Kf4 Kf7 39. Ke3 Ke7
40. Kd4 Kd6 41. Ke4 Ke7 42. Bg4 Bc2+ 43. Kd4 Kd6 44. b4 Bb3 45. Bf3 Be6 46. Bg4
Bb3 47. h4 Bf7 48. Bf5 Bb3 49. Bc8 a5 50. Ke4 Ke7 51. bxa5 bxa5 52. Kf4 Bc2 53.
Bf5 Bd1 54. Be4 Ke6 55. Bf5+ Kf7 56. Ke4 Bc2+ 57. Kf4 Bd1 58. g4 Ke7 59. Bd3
Bb3 60. Kf5 Kf7 61. Ke4 Ke6 62. Kd4 Bd1 63. Bf5+ Kd6 64. Kc4 Kc6 65. Kd4 Kd6
66. Ke4 Kc6 67. Be6 Bc2+ 68. Kf4 Kb5 69. Bf5 Bb3 70. Bd7+ Kc5 71. Kf5 Kd6 72.
Bc8 Ke7 73. Kg6 Bc2+ 74. Kxh6 Kf7 75. Bf5 Bb3 76. Bh7 Bc4 77. g5 fxg5 78. hxg5
Kf8 79. g6 1-0

[Event "Madrid ch 2021-2022 - Previa A"]
[Site "Madrid ESP"]
[Date "2022.03.14"]
[Round "4.24"]
[White "Moreno Sabroso, Ruben"]
[Black "Mora Agudo, Jose Alberto"]
[Result "0-1"]
[WhiteElo "1495"]
[BlackElo "1604"]
[PlyCount "82"]
[EventDate "2022.03.07"]
[EventType "swiss"]
[EventRounds "9"]
[EventCountry "ESP"]
[SourceTitle "Ajedrez en Madrid"]
[Source "lmi"]
[SourceDate "2022.03.07"]
[SourceVersion "1"]
[SourceVersionDate "2022.04.04"]
[SourceQuality "1"]

1. d4 Nf6 2. Nf3 d5 3. Bf4 e6 4. e3 c5 5. c3 Be7 6. Ne5 Qb6 7. Na3 a6 8. Qb3
Qxb3 9. axb3 O-O 10. Bd3 cxd4 11. exd4 Nc6 12. h3 Nd7 13. O-O Ndxe5 14. dxe5 f6
15. Rae1 fxe5 16. Bxe5 Nxe5 17. Rxe5 Bf6 18. Re2 Bd7 19. Nc2 e5 20. Rd2 Bg5 21.
Rdd1 Rad8 22. Be2 Be6 23. Nb4 Be7 24. Nd3 e4 25. Ne5 Bc5 26. Bg4 Bxg4 27. Nxg4
d4 28. cxd4 Rxd4 29. Rc1 b6 30. Ne3 Rd3 31. Rc3 Rfd8 32. Re1 Bb4 33. Rec1 Bxc3
34. bxc3 b5 35. Nf5 Rd1+ 36. Rxd1 Rxd1+ 37. Kh2 Rd3 38. c4 Rxb3 39. cxb5 axb5
40. Ne3 Rxe3 41. fxe3 b4 0-1

[Event "Madrid ch 2021-2022 - Previa A"]
[Site "Madrid ESP"]
[Date "2022.03.14"]
[Round "4.25"]
[White "Martinez Miura, Enrique"]
[Black "Gomez Ramirez, Jorge"]
[Result "1/2-1/2"]
[WhiteElo "1601"]
[BlackElo "1251"]
[PlyCount "117"]
[EventDate "2022.03.07"]
[EventType "swiss"]
[EventRounds "9"]
[EventCountry "ESP"]
[SourceTitle "Ajedrez en Madrid"]
[Source "lmi"]
[SourceDate "2022.03.07"]
[SourceVersion "1"]
[SourceVersionDate "2022.04.04"]
[SourceQuality "1"]

1. e4 c5 2. Nf3 d6 3. d4 cxd4 4. Nxd4 Nf6 5. Nc3 a6 6. Be2 e5 7. Nf3 h6 8. O-O
Be6 9. h3 Nbd7 10. Be3 Be7 11. Qd2 O-O 12. Rad1 b5 13. a3 Rc8 14. Nh2 Bc4 15.
f4 Bxe2 16. Qxe2 Qc7 17. Ng4 Qc4 18. Nxf6+ Nxf6 19. Qxc4 Rxc4 20. fxe5 dxe5 21.
Rf5 Nxe4 22. Rxe5 Nxc3 23. bxc3 Bf6 24. Red5 Rxc3 25. R1d3 Rxc2 26. Rd6 Ra8 27.
Bxh6 Rc3 28. Be3 Rxd3 29. Rxd3 Rc8 30. Bd2 Rd8 31. Rxd8+ Bxd8 32. Kf1 Kf8 33.
Ke2 Ke7 34. Kf3 Ke6 35. Ke4 Bb6 36. g4 Bc5 37. Bc1 b4 38. axb4 Bxb4 39. Bb2 g6
40. h4 Be7 41. h5 gxh5 42. gxh5 Bf6 43. Ba3 Bg7 44. Bc1 f5+ 45. Kd3 Kd5 46. h6
Bh8 47. Ba3 Ke6 48. Ke3 a5 49. Kf4 Bf6 50. Bf8 Kf7 51. Ba3 Kg6 52. h7 Kxh7 53.
Kxf5 Bc3 54. Ke4 Kg6 55. Kd5 Kf5 56. Kc4 Be1 57. Kb5 Ke4 58. Bc5 Kd3 59. Bb6
1/2-1/2

[Event "Madrid ch 2021-2022 - Previa A"]
[Site "Madrid ESP"]
[Date "2022.03.15"]
[Round "5.1"]
[White "Armenteros Peral, Javier"]
[Black "Alvarez Abejon, Amilcar"]
[Result "1/2-1/2"]
[WhiteElo "1992"]
[BlackElo "1970"]
[PlyCount "65"]
[EventDate "2022.03.07"]
[EventType "swiss"]
[EventRounds "9"]
[EventCountry "ESP"]
[SourceTitle "Ajedrez en Madrid"]
[Source "lmi"]
[SourceDate "2022.03.07"]
[SourceVersion "1"]
[SourceVersionDate "2022.04.04"]
[SourceQuality "1"]

1. e4 c5 2. Nf3 e6 3. d4 cxd4 4. Nxd4 a6 5. Nc3 b5 6. a3 Bb7 7. g3 Qb6 8. Be3
Bc5 9. Qd3 Nc6 10. Nxc6 Bxc6 11. Bxc5 Qxc5 12. Bg2 Ne7 13. O-O O-O 14. Rad1
Rfd8 15. Qd6 Qxd6 16. Rxd6 Nc8 17. Rd2 Nb6 18. b3 Kf8 19. Rfd1 Ke7 20. e5 Bxg2
21. Kxg2 f6 22. f4 Rac8 23. Ne4 Nd5 24. Re1 f5 25. Nd6 Rc3 26. Ree2 h6 27. Rd3
Rf8 28. Rxc3 Nxc3 29. Re3 Nd5 30. Rd3 g5 31. c4 bxc4 32. bxc4 Nb6 33. Rb3
1/2-1/2

[Event "Madrid ch 2021-2022 - Previa A"]
[Site "Madrid ESP"]
[Date "2022.03.15"]
[Round "5.2"]
[White "Garcia Gonzalez, Pedro A."]
[Black "Rodriguez Garcia, Jose Maria"]
[Result "0-1"]
[WhiteElo "1710"]
[BlackElo "1963"]
[PlyCount "60"]
[EventDate "2022.03.07"]
[EventType "swiss"]
[EventRounds "9"]
[EventCountry "ESP"]
[SourceTitle "Ajedrez en Madrid"]
[Source "lmi"]
[SourceDate "2022.03.07"]
[SourceVersion "1"]
[SourceVersionDate "2022.04.04"]
[SourceQuality "1"]

1. d4 d5 2. Nf3 Nf6 3. e3 g6 4. Nbd2 Bg7 5. b4 O-O 6. Bb2 Nbd7 7. c4 c6 8. Bd3
Re8 9. O-O e5 10. cxd5 e4 11. dxc6 bxc6 12. Be2 exf3 13. Bxf3 Nd5 14. b5 Bb7
15. bxc6 Bxc6 16. Rc1 Bb7 17. Nc4 N7b6 18. Na5 Ba6 19. Re1 Rc8 20. Qb3 Qd7 21.
Rc5 Ne7 22. Rec1 Qa4 23. h3 Rxc5 24. Rxc5 Qxb3 25. axb3 Rc8 26. Ba3 Bf8 27. b4
Na4 28. Nc6 Nxc5 29. Nxa7 Rc7 30. bxc5 Rxa7 0-1

[Event "Madrid ch 2021-2022 - Previa A"]
[Site "Madrid ESP"]
[Date "2022.03.15"]
[Round "5.3"]
[White "Moreno Torrero, Javier"]
[Black "De Dompablo Fantova, Juan"]
[Result "1-0"]
[WhiteElo "1952"]
[BlackElo "1670"]
[PlyCount "53"]
[EventDate "2022.03.07"]
[EventType "swiss"]
[EventRounds "9"]
[EventCountry "ESP"]
[SourceTitle "Ajedrez en Madrid"]
[Source "lmi"]
[SourceDate "2022.03.07"]
[SourceVersion "1"]
[SourceVersionDate "2022.04.04"]
[SourceQuality "1"]

1. d4 d5 2. c4 dxc4 3. e3 Nf6 4. Bxc4 e6 5. Nc3 c5 6. Nf3 a6 7. a4 Nc6 8. O-O
Qc7 9. Qe2 Be7 10. Rd1 O-O 11. h3 b6 12. d5 exd5 13. Nxd5 Nxd5 14. Bxd5 Bb7 15.
e4 Nb4 16. Bxb7 Qxb7 17. Ne5 Rad8 18. Bf4 Bf6 19. Nc4 Bd4 20. Nd6 Qc6 21. Nf5
Qf6 22. Qg4 Bxb2 23. Bg5 Rxd1+ 24. Rxd1 Qe6 25. Rd6 Qa2 26. Nxg7 Bxg7 27. Bf6
1-0